000 00733nam a22002297a 4500
005 20170124110201.0
010 _aB-081406
020 _a0070531404
_c00.00
035 _aB-081406
037 _bCen Lib/Ret
040 _aDPL
_bEN
082 _a005.13
_bROF
100 _aRoff, Jason T.
_936043
245 _aUML :
_cby Jason T. Roff
_ba beginner's guide /
260 _aNew Delhi
_bTata McGraw Hill Publishing Company
_c2003
270 _a7 west patel nagar
_bNew Delhi
_e110008
300 _axx, 326p.
_c23cm(Hb)
500 _aIncludes glossary, appendix and index
650 _aApplication software -- Development.
_936689
650 _aUML (Computer science)
_937850
942 _2ddc
_cEN
_h005.13
_mROF
999 _c132887
_d132887